000 00524nam a22001817a 4500
003 SGT
020 _a9789392787195
082 _a300.72
_bC22Y
100 _aYadav, Rohit
245 _aContemporary Research Methods at higher education institutions
260 _aNew Delhi, India
_bSelective & Scientific Books Publishers & Distributers
_c2022
300 _a131
650 _aEducation
653 _aResearch Methods; Higher education
700 _aPandey, Deepak
700 _aSharma, Satish Chander
942 _2ddc
_cBK
999 _c24478
_d24478